| 000 | 00520nam a22001937a 4500 | ||
|---|---|---|---|
| 003 | CEME | ||
| 005 | 20210628202950.0 | ||
| 008 | 210212b xxu||||| |||| 00| 0 eng d | ||
| 020 | _a81-7808-318-3 | ||
| 040 | _c. | ||
| 082 | _a005.133-J PIS | ||
| 100 |
_aPistoia, Marco Reller, Duane.F Gupta, Deepak _962596 |
||
| 245 | _aJava 2, network security | ||
| 250 | _a2ND | ||
| 260 |
_aINDIA _bPEARSON EDUCATION ASIA _c2001 |
||
| 300 | _aXXI,714P | ||
| 650 |
_aNETWORK SECURITY-JAVA 2; JAVA 2 _962597 |
||
| 942 |
_cBK _2ddc |
||
| 999 |
_c571661 _d571661 |
||